1967 steam charts (Record no. 20544)

000 -LEADER
fixed length control field 00500nam a22001931 4500
001 - CONTROL NUMBER
control field 20544
003 - CONTROL NUMBER IDENTIFIER
control field BD-DhUET
008 - FIXED-LENGTH DATA ELEMENTS--GENERAL INFORMATION
fixed length control field 700914s1968 nyua 000 0 eng
020 ## - INTERNATIONAL STANDARD BOOK NUMBER
International Standard Book Number 0713130458
040 ## - CATALOGING SOURCE
Original cataloging agency DLC
Transcribing agency DLC
Modifying agency BD-DhUET
082 ## - DEWEY DECIMAL CLASSIFICATION NUMBER
Classification number 621.101084
Item number ELE/1967
110 ## - MAIN ENTRY--CORPORATE NAME
Corporate name or jurisdiction name as entry element Electrical Research Association
245 10 - TITLE STATEMENT
Title 1967 steam charts
250 ## - EDITION STATEMENT
Edition statement 1st ed.
260 ## - PUBLICATION, DISTRIBUTION, ETC. (IMPRINT)
Place of publication, distribution, etc. London
Name of publisher, distributor, etc. Edward Arnold
Date of publication, distribution, etc. 1967
300 ## - PHYSICAL DESCRIPTION
Extent vii, 64 p. (chiefly illus., part col.)
Dimensions 31 cm.
650 #0 - SUBJECT ADDED ENTRY--TOPICAL TERM
Topical term or geographic name as entry element Steam
942 ## - ADDED ENTRY ELEMENTS (KOHA)
Koha item type Corporate Publication
Holdings
Location (home branch) Piece designation (barcode) Not for loan Shelving location Koha full call number Copy number Damaged status Lost status Koha item type Price effective from Koha normalized classification for sorting Source of classification or shelving scheme Date acquired Koha date last seen Sublocation or collection (holding branch) Withdrawn status
Central Library, BUET18295 Circulation section621.101084/ELE/19671  Corporate Publication2015-04-12621_101084000000000_ELE_1967 2015-04-122015-04-12Central Library, BUET 
Central Library, BUET18293 Circulation section621.101084/ELE/19672  Corporate Publication2015-04-12621_101084000000000_ELE_1967 2015-04-122015-04-12Central Library, BUET 
Central Library, BUET13166 Circulation section621.101084/ELE/19673  Corporate Publication2015-04-12621_101084000000000_ELE_1967 2015-04-122015-04-12Central Library, BUET 
Central Library, BUET13162 Circulation section621.101084/ELE/19674  Corporate Publication2015-04-12621_101084000000000_ELE_1967 2015-04-122015-04-12Central Library, BUET 
Central Library, BUET18297 Circulation section621.101084/ELE/19675  Corporate Publication2015-04-12621_101084000000000_ELE_1967 2015-04-122015-04-12Central Library, BUET 
Central Library, BUET18296 Circulation section621.101084/ELE/19676  Corporate Publication2015-04-12621_101084000000000_ELE_1967 2015-04-122015-04-12Central Library, BUET 
Central Library, BUET18294 Circulation section621.101084/ELE/19677  Corporate Publication2015-04-12621_101084000000000_ELE_1967 2015-04-122015-04-12Central Library, BUET 
Central Library, BUET18300 Circulation section621.101084/ELE/19678  Corporate Publication2015-04-12621_101084000000000_ELE_1967 2015-04-122015-04-12Central Library, BUET 
Central Library, BUET13163 Circulation section621.101084/ELE/19679  Corporate Publication2015-04-12621_101084000000000_ELE_1967 2015-04-122015-04-12Central Library, BUET 
Central Library, BUET18299 Circulation section621.101084/ELE/196710  Corporate Publication2015-04-12621_101084000000000_ELE_1967 2015-04-122015-04-12Central Library, BUET 
Central Library, BUET13165 Circulation section621.101084/ELE/196711  Corporate Publication2015-04-12621_101084000000000_ELE_1967 2015-04-122015-04-12Central Library, BUET 
Central Library, BUET18302 Circulation section621.101084/ELE/196712  Corporate Publication2015-04-12621_101084000000000_ELE_1967 2015-04-122015-04-12Central Library, BUET 
Central Library, BUET18301 Circulation section621.101084/ELE/196713  Corporate Publication2015-04-12621_101084000000000_ELE_1967 2015-04-122015-04-12Central Library, BUET